000 00412nam a2200145 4500
001 127728
003 ES-MaACL
007 t|
008 070214s1967 mx r ||||1| spa d
100 1 _aRiva Palacio, Vicente.
_997533
245 1 0 _aCuentos del general /
_cpor Vicente Riva Palacio.
260 _aMéxico :
_bEd. Nacional,
_c1967.
300 _a290 p. :
_bil. ;
_c17 cm.
852 _aES-MaACL
_jE-9351
_bR.93623
999 _c127728
_d127728